Redes de comunicación y estructuras de grupo

Tallennettuna:
Bibliografiset tiedot
Päätekijä: Flament, Claude (Tekijä)
Aineistotyyppi: Kirja
Kieli:espanja
Julkaistu: Buenos Aires Nueva Visión 1977
Sarja:Colección fichas
Aiheet:
Tagit: Lisää tagi
Ei tageja, Lisää ensimmäinen tagi!

MARC

LEADER 00000nam a2200000 a 4500
001 UCY7648
003 CL-VaPUC
008 950616e19770000AG |||||||||||||||||spa|d
082 0 4 |a 302.2  |b FLA  |2 21 
100 0 |a Flament, Claude  |e author  |9 338273 
245 1 0 |a Redes de comunicación y estructuras de grupo 
300 |a 221 p 
942 |c BK 
945 |d 19950616 00:00:00  |a cmena 
260 |a Buenos Aires  |b Nueva Visión  |c 1977 
650 0 |a Proceso de comunicación   |9 332060 
650 0 |a Técnicas de comunicación  |9 334811 
650 7 |a TECNOLOGIA DE LAS COMUNICACIONES  |2 CL-VaPUC  |9 338274 
650 0 |a Sociología de la comunicación  |9 337679 
650 0 |a Sociedad contemporánea  |9 337179 
650 7 |a GRUPOS  |2 CL-VaPUC  |9 336429 
650 7 |a TEORIA DE LA COMUNICACION Y LA INFORMACION  |2 CL-VaPUC  |9 334836 
583 |a last modification  |c 19950616 00:00:00  |k Rodrigo Vera 
490 0 |a Colección fichas 
999 |c 234979  |d 234977 
952 |0 0  |1 0  |4 0  |6 302_200000000000000_FLA_1977  |7 0  |8 P  |9 242039  |a BIBEDU  |b BIBEDU  |c BIBEDU_PB  |d 2019-11-18  |i 1519174  |o 302.2 FLA 1977  |p 1519174  |r 2019-11-18  |w 2019-11-18  |y BK  |k EDU 
952 |0 0  |1 0  |4 0  |6 302_200000000000000_FLA_1977  |7 0  |8 A  |9 242040  |a BIBGIM  |b BIBGIM  |d 2019-11-18  |i 3734838  |o 302.2 FLA 1977  |p 3734838  |r 2025-01-15  |w 2019-11-18  |y BK  |k SSL